00925cam a22002777a 4500003000500000005001700005008004100022010001000063011001000073020001500083035001000098040000900108100002600117245013900143260007500282300002900357410004500386490002600431650002600457650002700483650002400510700002000534700002200554810004500576830002600621CHAP20220817043639.0000327d1999 lk b r 00110 eng d a80536 a81508 a929090383X a91980 cCHAP00aAmarasinghe, Upali A.10aWater scarcity variations within a Country :ba case study of Sri Lankac/por Upali A. Amarasinghe, Lal Mutuwatta and R. Sakthivadivel aColombo, Sri Lanka :bInternational Water Management Institute,c1999. a29 p. :bmapas ;ctablas aInternational Water Management Institute 0aResearch reportv; 3214aAguaxAbastecimiento.14aAguaxAprovechamiento.14aAguaxDistribucion.0 aMutuwatta, Lal.0 aSakthivadivel, R.00aInternational Water Management Institute0 aResearch reportv; 32